Politics, power and community development / (Record no. 3895)

000 -LEADER
fixed length control field 01395cam a2200397 i 4500
001 - CONTROL NUMBER
control field 11848380
003 - CONTROL NUMBER IDENTIFIER
control field Nust
005 - DATE AND TIME OF LATEST TRANSACTION
control field 20180117090019.0
008 - FIXED-LENGTH DATA ELEMENTS--GENERAL INFORMATION
fixed length control field 160314s2016 enk b 001 0 eng d
020 ## - INTERNATIONAL STANDARD BOOK NUMBER
International Standard Book Number 9781447317364
Qualifying information hardback
020 ## - INTERNATIONAL STANDARD BOOK NUMBER
International Standard Book Number 144731736X
Qualifying information hardback
024 ## - OTHER STANDARD IDENTIFIER
Standard number or code 60002080125
035 ## - SYSTEM CONTROL NUMBER
System control number (OCoLC)942699864
035 ## - SYSTEM CONTROL NUMBER
System control number (OCoLC)ocn942699864
035 ## - SYSTEM CONTROL NUMBER
System control number (NNC)11848380
040 ## - CATALOGING SOURCE
Original cataloging agency NhCcYBP
Language of cataloging eng
Description conventions rda
Transcribing agency NhCcYBP
050 #4 - LIBRARY OF CONGRESS CALL NUMBER
Classification number HN49.C6
Item number P65 2016
082 04 - DEWEY DECIMAL CLASSIFICATION NUMBER
Classification number 307.1/4
Edition number 23
245 00 - TITLE STATEMENT
Title Politics, power and community development /
Statement of responsibility, etc. edited by Rosie R. Meade, Mae Shaw and Sarah Banks.
264 #1 - PRODUCTION, PUBLICATION, DISTRIBUTION, MANUFACTURE, AND COPYRIGHT NOTICE
Place of production, publication, distribution, manufacture Bristol :
Name of producer, publisher, distributor, manufacturer Policy Press,
Date of production, publication, distribution, manufacture, or copyright notice 2016.
300 ## - PHYSICAL DESCRIPTION
Extent xv, 260 pages ;
Dimensions 24 cm.
336 ## - CONTENT TYPE
Content type term text
Content type code txt
Source rdacontent
337 ## - MEDIA TYPE
Media type term unmediated
Media type code n
Source rdamedia
338 ## - CARRIER TYPE
Carrier type term volume
Carrier type code nc
Source rdacarrier
490 1# - SERIES STATEMENT
Series statement Rethinking community development
504 ## - BIBLIOGRAPHY, ETC. NOTE
Bibliography, etc. note Includes bibliographical references and index.
650 #0 - SUBJECT ADDED ENTRY--TOPICAL TERM
Topical term or geographic name entry element Community development
General subdivision Political aspects.
700 1# - ADDED ENTRY--PERSONAL NAME
Personal name Meade, Rosie,
Relator term editor.
700 1# - ADDED ENTRY--PERSONAL NAME
Personal name Shaw, Mae,
Relator term editor.
700 1# - ADDED ENTRY--PERSONAL NAME
Personal name Banks, Sarah,
Relator term editor.
830 #0 - SERIES ADDED ENTRY--UNIFORM TITLE
Uniform title Rethinking community development.
942 ## - ADDED ENTRY ELEMENTS (KOHA)
Source of classification or shelving scheme
Koha item type Book
948 1# - LOCAL PROCESSING INFORMATION (OCLC); SERIES PART DESIGNATOR (RLIN)
Series part designator, SPT (RLIN) 20160420
b (OCLC) c
c (OCLC) sl13
d (OCLC) MPS
Holdings
Withdrawn status Lost status Source of classification or shelving scheme Damaged status Not for loan Collection code Permanent Location Current Location Shelving location Date acquired Total Checkouts Total Renewals Full call number Barcode Date last seen Date last checked out Price effective from Koha item type
            Central Library (CL) Central Library (CL) General Stacks 01/03/2017 2 2 307.1/4 POL S3H-S-892 02/24/2024 11/01/2023 01/03/2017 Book
© 2023 Central Library, National University of Sciences and Technology. All Rights Reserved.